000 00738nam a2200217Ia 4500
003 CO-CtgCURN
005 20250409210213.0
008 190723s9999 xx 000 0 und d
020 _a9589029221
040 _aCO-CtgCURN
_bspa
_ccoctgcurn
082 _a350.1
_bB813c
100 _aBrahm, Laurence J.
245 0 _aComo negociar en China :
_b36 estrategas /
_cLaurence J. Brahm
260 _aBogotá, Colombia :
_bUniversidad Jorge Tadeo Lozano,
_c1999
300 _a148 páginas ;
_c20 centímetros
521 _aAREA SOCIOHUMANISTICA
590 _aPrograma de Derecho_18
650 _aExito en los negocios
_zChina
942 _cBK
_h350.1
_iB813c
999 _c29796
_d29796